00264nam a2200109Ia 4500008004100000041000800041082001600049100001700065245003300082260002900115300001000144230627s9999 xx 000 0 und d amar a342.54bSIN aSinghvi L.M. aConstitutionl Of India Vol-i bWadhwa And Companyc2009 a1910p